Statistics for NFL, NFC Teams

Click here to take the quiz!

General Stats

  • This quiz has been taken 21 times
  • The average score is 16 of 16

Answer Stats

Answer% Correct
Buccaneers
100%
Cardinals
100%
Cowboys
100%
Eagles
100%
Falcons
100%
Giants
100%
Lions
100%
Packers
100%
Panthers
100%
Rams
100%
Seahawks
100%
49ers
94%
Commanders
94%
Saints
94%
Vikings
94%
Bears
88%

Score Distribution

Percentile by Number Answered

Percent of People with Each Score

Your Score History

You have not taken this quiz